Bioptický obraz chronických myeloproliferatívnych ochorení v kostnej dreni /
Uložené v:
| Hlavný autor: | |
|---|---|
| Médium: | Kniha |
| Jazyk: | Slovak |
| Vydané: |
Martin :
HONNER,
2001
|
| Vydanie: | 1. vyd. |
| Témy: | |
| ISBN: |
8096839942 (viaz.) |
| Fyzický popis: |
69 s., [24] s. obr. príl. : il. ; 22 cm |
| Tagy: |
Pridať tag
Žiadne tagy, Buďte prvý kto otaguje tento záznam!
|
Titul je dostupný aj v ... 

MARC
| LEADER | 00000nam a2200000 a 4500 | ||
|---|---|---|---|
| 001 | 000000538 | ||
| 003 | SVKK | ||
| 005 | 20040528093241.0 | ||
| 008 | 031218s2001 xo a e b 000 0 sloo | ||
| 020 | |a 8096839942 (viaz.) | ||
| 040 | |a SVKKK |b slo |c SVKKK |e AACR2 | ||
| 041 | 0 | |a slo | |
| 044 | |a xo |c SK | ||
| 072 | 7 | |a 616 |x Patológia. Klinická medicína |2 konspekt | |
| 080 | |a 616.419 |2 1997 | ||
| 080 | |a 616-006.4 |2 1997 | ||
| 080 | |a (048.8) |2 1997 | ||
| 100 | 1 | |a Adamkov, Marian |4 aut | |
| 245 | 1 | 0 | |a Bioptický obraz chronických myeloproliferatívnych ochorení v kostnej dreni / |c Marian Adamkov |
| 250 | |a 1. vyd. | ||
| 260 | |a Martin : |b HONNER, |c 2001 | ||
| 300 | |a 69 s., [24] s. obr. príl. : |b il. ; |c 22 cm | ||
| 504 | |a Bibliografia s. 65-69 | ||
| 650 | 0 | 7 | |a kostná dreň |2 SVKKKPH |
| 650 | 0 | 7 | |a myeloproliferatívne ochorenia |2 SVKKKPH |
| 655 | 7 | |a monografie |2 SVKKKPH | |
| 919 | |a 80-968399-4-2 | ||
| 998 | |a BK | ||
| 090 | |g SCKHL |k Sklad Pribinova prízemie |a IV.190270 |j 959971 |i 2720021066 |s Absenčne | ||